| 000 | 00906nam a2200265 i 4500 | ||
|---|---|---|---|
| 003 | DO-SdBNP | ||
| 005 | 20240624101303.0 | ||
| 007 | ta | ||
| 008 | 240624b2004 pr ||||| |||| 00| 0 spa d | ||
| 020 | _a9972330788 | ||
| 040 |
_aDO-SdBNP _bspa _cBNPHU _erda |
||
| 082 | 4 | _222 | |
| 100 |
_aLópez Vigil, José Ignacio, _956259 _eautor |
||
| 245 | 1 | 0 |
_aCiudadana radio : _bel poder del periodismo de intermediación / _cJosé Ignacio López Vigil |
| 264 |
_aPerú : _bBiblioteca Nacional de Perú, _c2004. |
||
| 300 |
_a298 páginas ; _c21 cm. |
||
| 336 |
_2rdacontent _atexto _btxt |
||
| 337 |
_2rdamedia _asin mediación _bn |
||
| 338 |
_2rdacarrier _avolumen _bnc |
||
| 500 | _aIncluye referencias bibliográficas y notas al pie de las páginas | ||
| 500 | _aIncluye datos biográficos del autor en la solapa de la cubierta | ||
| 590 | _aInventariado, 2024/BT | ||
| 910 | _aBtavárez | ||
| 942 |
_2ddc _cLBS1 |
||
| 999 |
_c56936 _d56936 |
||